El mercado de revistas en España: concentración informativa

Gespeichert in:
Bibliographische Detailangaben
1. Verfasser: Cabello, Fernando (VerfasserIn)
Format: Buch
Sprache:Spanisch
Veröffentlicht: Barcelona Ariel 1999
Schriftenreihe:Ariel Comunicación
Schlagworte:
Tags: Tag hinzufügen
Keine Tags, Fügen Sie den ersten Tag hinzu!

MARC

LEADER 00000nam a2200000 a 4500
001 UCN8217
003 CL-VaPUC
008 011109e19990500SP |||||||||||||||||spa|d
082 0 4 |a 056.1  |b CAB  |2 21 
100 0 |a Cabello, Fernando  |e author  |9 464487 
245 1 3 |a El mercado de revistas en España: concentración informativa 
300 |a 600 p 
942 |c BK 
945 |d 20011109 00:00:00  |a cmena 
260 |a Barcelona  |b Ariel  |c 1999 
650 7 |a REVISTAS ESPAÑOLAS  |2 CL-VaPUC  |9 464488 
650 7 |a PUBLICACIONES PERIODICAS  |2 CL-VaPUC  |9 335089 
650 7 |a PUBLICIDAD - REVISTAS  |2 CL-VaPUC  |9 464489 
650 0 |a Consumidores  |9 315658 
651 0 |a España  |9 254926 
583 |a last modification  |c 20011109 00:00:00  |k Rodrigo Vera 
490 0 |a Ariel Comunicación 
999 |c 298243  |d 298241 
952 |0 0  |1 0  |4 0  |6 056_100000000000000_CAB_1999  |7 0  |8 A  |9 353726  |a BIBCUR  |b BIBCUR  |d 2019-11-21  |i 3769550  |o 056.1 CAB 1999  |p 3769550  |r 2025-04-22  |w 2019-11-21  |y BK  |k PER